00404nam a2200157Ia 4500003000400000005001700004008004100021020001700062040002900079050002000108100002000128245002500148260002400173650002500197700002400222OSt20240814092747.0221221s9999 xx 000 0 und d a978019437245 cChuka University Library aP 35 bK73 1998 aKramsch, Claire 0aLanguage and culture aNew YorkbOUPc1998 aLanguage and culture aH.G. Widdowson (Ed)